000 00676nam a2200241Ia 4500
003 OSt
005 20221007075314.0
006 a|||||r|||| 00| 0
007 ta
008 221006b |||||||| |||| 00| 0 eng d
024 _a16,943
037 _cReports / Technical Reports
040 _aFLL
_cFLL
_beng
041 _2eng
_aeng
082 _aY11:45:6.2.N6t, J6
110 _aGovt. of India
245 0 _aReport on juvenile delinquency in India
260 _aNew Delhi
_bGovt. of India India
_c1978
300 _a176p
_ccm.
700 _aGovt. of India
942 _hY11:45:6.2.N6t, J6
_cREP
_2CC
999 _c1155559
_d1155559